| 000 | 00420nam a2200193Ia 4500 | ||
|---|---|---|---|
| 005 | 20240823040358.0 | ||
| 008 | 240823s9999||||xx |||||||||||||| ||und|| | ||
| 020 | _a978-81-8368-720-1 | ||
| 041 | _aTAMIL | ||
| 082 | _A001.44 P8 | ||
| 100 | _aKumar A R | ||
| 245 | 0 | _aNobel Parisu | |
| 250 | _a1st | ||
| 260 |
_c2008 _bPr |
||
| 500 | _aDISPLAY | ||
| 650 |
_aTamil Books _bGeneral |
||
| 942 | _cBK | ||
| 999 |
_c202963 _d202963 |
||